Seventh national convention on women's studies : (Record no. 2218)
[ view plain ]
| 000 -LEADER | |
|---|---|
| fixed length control field | 00380nam a2200097Ia 4500 |
| 008 - FIXED-LENGTH DATA ELEMENTS--GENERAL INFORMATION | |
| fixed length control field | 240331s9999 xx 000 0 und d |
| 082 ## - DDC Classification | |
| Item Number - Author Mark | SEV |
| 100 ## - MAIN ENTRY--PERSONAL NAME | |
| Personal name | Cenwor. ed |
| 245 #0 - TITLE STATEMENT | |
| Title | Seventh national convention on women's studies : |
| Remainder of title | support service,research methlogy,litrature,,women in the economy,sports,social science,environment,violence,transport,education,health,women |
| 942 ## - Koha item type (Biblio) | |
| Koha item type | Books in Stacks (Lending) |
| Lost status | Damaged status | Collection code | Home library | Current library | Shelving location | Date acquired | Full call number | Accession Number | Item type |
|---|---|---|---|---|---|---|---|---|---|
| Lending | WERC Library | WERC Library | Social Science Cupboard | 03/31/2024 | 060.3054 SEV | 4134 | Books in Stacks (Lending) |
